| 000 -LEADER |
| fixed length control field |
00951nam a22001457a 4500 |
| 008 - FIXED-LENGTH DATA ELEMENTS--GENERAL INFORMATION |
| fixed length control field |
231005b ||||| |||| 00| 0 eng d |
| 100 ## - MAIN ENTRY--PERSONAL NAME |
| Personal name |
Sharma, Rekha |
| 245 ## - TITLE STATEMENT |
| Title |
Women empowerment: Recent reforms |
| 260 ## - PUBLICATION, DISTRIBUTION, ETC. (IMPRINT) |
| Place of publication, distribution, etc |
Yojana |
| 300 ## - PHYSICAL DESCRIPTION |
| Extent |
67(9), Sep, 2023: p.57-61 |
| 520 ## - SUMMARY, ETC. |
| Summary, etc |
Combating violence, ending child marriage, promoting political and economic empowerment, safeguarding sexual and reproductive health rights, protecting land rights, and implementing gender-responsive budgeting are crucial steps towards achieving gender equality. It is only through collective efforts, involving governments, civil society, and individuals, that we can create a more equal table and inclusive world for women. The Supreme court of India’s recently relapsed handbook on combating gender stenotypes will give a fresh impetus to the quest towards a gender-just legal order. – Reproduced |
| 773 ## - HOST ITEM ENTRY |
| Main entry heading |
Yojana |
| 906 ## - LOCAL DATA ELEMENT F, LDF (RLIN) |
| Subject DIP |
WOMEN |
| 942 ## - ADDED ENTRY ELEMENTS (KOHA) |
| Item type |
Articles |